[Event "NED-ch U13"]
[Site "Rijswijk"]
[Date "2006.05.27"]
[Round "7"]
[White "Huang, Jeffrey"]
[Black "Beukema, Stefan"]
[Result "0-1"]
[WhiteElo "1571"]
[BlackElo "1714"]
[PlyCount "132"]
[EventDate "2006.05.25"]
[EventType "swiss"]
[EventRounds "9"]
[EventCountry "NED"]
[SourceTitle "EXT 2009"]
[Source "ChessBase"]
[SourceDate "2008.11.26"]
[SourceVersion "1"]
[SourceVersionDate "2008.11.26"]
[SourceQuality "1"]

1. e4 e5 2. Nf3 Nc6 3. Bc4 Bc5 4. c3 Nf6 5. d4 exd4 6. cxd4 Bb4+ 7. Bd2 Nxe4 8. Bxb4 Nxb4 9. Bxf7+ Kxf7 10. Qb3+ d5 11. Ne5+ Ke8 12. Qxb4 Rf8 13. Nd3 Qh4 14. 0-0 Qg5 15. f4 Qh5 16. Nd2 Kf7 17. Nxe4 dxe4 18. Ne5+ Kg8 19. Qc4+ Kh8 20. Rae1 Bf5 21. Qe2 Qh4 22. g4 Be6 23. Qf2 Qh3 24. Re3 Qh6 25. Rxe4 Bd5 26. Re3 Bxa2 27. b3 Rad8 28. Rfe1 a6 29. Nf7+ Rxf7 30. Re8+ Rf8 31. Rxd8 Rxd8 32. Qxa2 Qxf4 33. Qe2 Qxd4+ 34. Kh1 Qd5+ 35. Kg1 Qxb3 36. Qe7 Rg8 37. Qxc7 Qb4 38. Qg3 a5 39. Rf1 a4 40. Rf4 Qc5+ 41. Kg2 a3 42. Rf5 Qc6+ 43. Kh3 a2 44. Ra5 Qh6+ 45. Qh4 Qe3+ 46. Qg3 Qd2 47. Qa3 b6 48. Ra7 Re8 49. Ra8 Qe3+ 50. Kh4 Qh6+ 51. Kg3 Qe3+ 52. Kh4 Qf2+ 53. Kh3 Qf1+ 54. Kh4 Qe1+ 55. Kh3 h6 56. Qxa2 Qc3+ 57. Kh4 Qe1+ 58. Kh3 Qf1+ 59. Kg3 Qg1+ 60. Kh3 Qf1+ 61. Kg3 Qe1+ 62. Kh3 Qe3+ 63. Kh4 Rxa8 64. Qxa8+ Kh7 65. Qa4 g5+ 66. Kh5 Qh3# 0-1

[Event "NED-ch U13"]
[Site "Rijswijk"]
[Date "2006.05.26"]
[Round "6"]
[White "Mostertman, Xander"]
[Black "Huang, Jeffrey"]
[Result "0-1"]
[WhiteElo "1368"]
[BlackElo "1571"]
[PlyCount "72"]
[EventDate "2006.05.25"]
[EventType "swiss"]
[EventRounds "9"]
[EventCountry "NED"]
[SourceTitle "EXT 2009"]
[Source "ChessBase"]
[SourceDate "2008.11.26"]
[SourceVersion "1"]
[SourceVersionDate "2008.11.26"]
[SourceQuality "1"]

1. e4 e6 2. d4 d5 3. e5 c5 4. c3 Nc6 5. Nf3 Qb6 6. Bd3 Bd7 7. 0-0 cxd4 8. cxd4 Nxd4 9. Nxd4 Qxd4 10. Nc3 Bb4 11. Ne2 Qxe5 12. Bf4 Qf6 13. a3 Ba5 14. b4 Bb6 15. Bg3 Ne7 16. Qb3 0-0 17. Rac1 Nc6 18. Rfd1 Ne5 19. Qc3 Ng4 20. Qe1 e5 21. h3 Nh6 22. Nc3 d4 23. Bxe5 Qg5 24. Ne4 Qxe5 25. g4 Rae8 26. Qd2 Bc6 27. Re1 Bxe4 28. Bxe4 Bc7 29. Bxh7+ Kxh7 30. Rxe5 Bxe5 31. Qd3+ g6 32. Qf3 Rc8 33. Rxc8 Rxc8 34. g5 Nf5 35. Qe4 d3 36. Qe1 Bf4 0-1

[Event "Hengelo U12 op"]
[Site "Hengelo"]
[Date "2005.08.08"]
[Round "1"]
[White "Huang, Jeffrey"]
[Black "Mentink, Tom"]
[Result "0-1"]
[WhiteElo "1483"]
[BlackElo "980"]
[PlyCount "78"]
[EventDate "2005.08.??"]
[EventType "swiss"]
[EventRounds "13"]
[EventCountry "NED"]
[SourceTitle "CBM 107 Extra"]
[Source "ChessBase"]
[SourceDate "2005.09.01"]
[SourceVersion "1"]
[SourceVersionDate "2005.09.01"]
[SourceQuality "1"]

1. e4 c5 2. Bc4 e6 3. Nc3 Nc6 4. d3 Nf6 5. Bg5 h6 6. Bh4 Be7 7. Nf3 0-0 8. 0-0 d5 9. exd5 exd5 10. Bb3 Bg4 11. h3 Bh5 12. Rb1 Nd4 13. Bxf6 Bxf6 14. Bxd5 Rb8 15. Be4 Bg5 16. Nd5 Re8 17. Ne3 Qf6 18. Nd5 Qd6 19. c3 Rxe4 20. dxe4 Nxf3+ 21. gxf3 Qg6 22. Kh1 Rd8 23. Qe2 Qe6 24. Ne3 Qxh3+ 25. Kg1 Bxf3 26. Qxf3 Qxf3 27. Ng2 Qh3 28. Rbd1 Bf6 29. Rd5 Rxd5 30. exd5 Be5 31. f4 Bd6 32. Kf2 c4 33. Ne3 Bxf4 34. Nxc4 Qg3+ 35. Ke2 b5 36. Rf3 Qg2+ 37. Rf2 Qe4+ 38. Kd1 Qxc4 39. Ke1 Bg3 0-1